01491nam a22002417a 450000500170000000800410001702000180005804000070007604100080008308200140009110000300010524500500013526000320018530000240021736500640024152008290030565000120113465000180114665000190116465000190118370000210120270000260122320260213113121.0260213b |||||||| |||| 00| 0 eng d a9798893632057 cAL aeng a428bBHAT aPreeti Bhargav and others aText book of English and communication skills aChennaibNotion Pressc2024 a138pbPBc28x21.5cm 2GeneralaXIHG-305964b₹282.00c₹d₹320.00f27-01-2026 a"Unlocking the Power of Words" is your passport to linguistic mastery. This transformative guide navigates the labyrinth of English and communication skills, illuminating grammar's nuances while delving into effective communication strategies. From demystifying punctuation to unraveling the psychology of language use, each chapter empowers readers with practical tips and real-world examples. Whether you'r a student, professional, or simply seeking clarity in expression, this book is your indispensable companion on the journey to articulate thoughts with confidence and finesse. Prepare for a transformative odyssey where every page unlocks new insights, propelling you towards success in personal and professional realms. With "Unlocking the Power of Words," the world of English and communication is yours to conquer. aGrammar aShort Stories aLetter Writing aWriting Skills aRathod, Heenaben aThakkar, Akashkumar A